Guía de la Filosofía / (Record no. 84474)

MARC details
000 -LEADER
campo de control de longitud fija 00612nam a2200205 i 4500
001 - NÚMERO DE CONTROL
campo de control 84474
003 - IDENTIFICADOR DE NÚMERO DE CONTROL
campo de control ES-MaACL
007 - CAMPO FIJO DE DESCRIPCIÓN FÍSICA--INFORMACIÓN GENERAL
campo de control de longitud fija t|
008 - DATOS DE LONGITUD FIJA--INFORMACIÓN GENERAL
campo de control de longitud fija 041123s1944 ag ||||1| spa d
100 1# - ENTRADA PRINCIPAL--NOMBRE DE PERSONA
Nombre de persona Joad, C. E. M.
9 (RLIN) 66672
245 10 - MENCIÓN DEL TÍTULO
Título Guía de la Filosofía /
Mención de responsabilidad, etc. C.E.M. Joad ; [traducción por María Rosa Lida].
250 ## - MENCION DE EDICION
Mención de edición [2ª ed.].
260 ## - PUBLICACIÓN, DISTRIBUCIÓN, ETC.
Lugar de publicación, distribución, etc. Buenos Aires :
Nombre del editor, distribuidor, etc. Losada,
Fecha de publicación, distribución, etc. [1944] (
Fabricante Rodríguez Giles)
300 ## - DESCRIPCIÓN FÍSICA
Extensión 525 p. ;
Dimensiones 22 cm.
490 1# - MENCIÓN DE SERIE
Mención de serie Panoramas
700 1# - ENTRADA AGREGADA--NOMBRE PERSONAL
Nombre de persona Lida de Malkiel, María Rosa.
9 (RLIN) 72210
830 0# - PUNTO DE ACCESO ADICIONAL DE SERIE-TÍTULO UNIFORME
Título uniforme Panoramas
9 (RLIN) 181169
852 ## - LOCALIZACIÓN
Ubicación ES-MaACL
Número de control de estantería E-1789
Sublocalización o colección R.22632
Holdings
Estatus retirado Estado de pérdida Estado de daño No para préstamo Biblioteca de origen Biblioteca actual Ubicación en estantería Fecha de adquisición Fuente de adquisición Total de préstamos Signatura topográfica completa Código de barras Visto por última vez Precio de reemplazo Tipo de ítem Koha
        Biblioteca del Ateneo de Madrid Biblioteca del Ateneo de Madrid Depósito 2 17/01/2008     E-1789 1088278 23/02/2023 23/02/2023 Libro impreso